| 000 | 00563nam a2200205Ia 4500 | ||
|---|---|---|---|
| 005 | 20250508170007.0 | ||
| 008 | 008 250505s9999 xx 000 0 eng d | ||
| 020 | _a978-0-85725-860-1 | ||
| 037 | _aTextBook | ||
| 040 |
_aFEDL _beng _cFEDL |
||
| 041 |
_aeng _2eng |
||
| 084 |
_a370.193, TIL/R _qFEDL |
||
| 100 | _aTilak Jandhyala B G | ||
| 245 | 0 | _aEducation and development | |
| 260 |
_aNew Delhi, India _bAcademic Foundation _c2018 |
||
| 300 | _a360p. | ||
| 365 |
_aINR _b1495 |
||
| 942 |
_cTB _h370.193, TIL/R |
||
| 999 |
_c1398578 _d1398578 |
||